[Event "Valle Region-ch"]
[Site "Cali"]
[Date "2013.06.28"]
[Round "1.2"]
[White "Alomia, Hector Harold"]
[Black "Beltran, Carlos Armando"]
[Result "0-1"]
[WhiteElo "1600"]
[BlackElo "2237"]
[PlyCount "36"]
[EventDate "2013.06.28"]
[EventType "swiss"]
[EventRounds "5"]
[EventCountry "COL"]
[SourceTitle "EXT 2024"]
[Source "ChessBase"]
[SourceDate "2023.10.10"]
[SourceVersion "1"]
[SourceVersionDate "2023.10.10"]
[SourceQuality "1"]

1. e4 c5 2. d3 Nc6 3. c3 g6 4. Qb3 Bg7 5. Nf3 Nf6 6. h3 0-0 7. Be2 d6 8. Be3 Qc7 9. Nbd2 h6 10. Nh4 Be6 11. Qc2 b5 12. a3 Rfc8 13. Bf3 Rab8 14. g4 a5 15. Ng2 b4 16. axb4 axb4 17. c4 Nd7 18. b3 Bxa1 0-1